All 2020 WTA Champions - Statistics

General Stats
  • This quiz has been taken 27 times
  • The average score is 15 of 24
Answer Stats
Tournament Category Champion % Correct
Roland Garroos Grand Slam Iga Świątek
100%
Adelaide WTA 500 Ashleigh Barty
91%
US Open Grand Slam Naomi Osaka
91%
Auckland WTA 250 Serena Williams
87%
Doha Masters 1000 Aryna Sabalenka
83%
Ostrava WTA 500 Aryna Sabalenka
83%
Linz WTA 250 Aryna Sabalenka
83%
Australian Open Grand Slam Sofia Kenin
83%
Lyon WTA 250 Sofia Kenin
83%
Hobart WTA 250 Elena Rybakina
74%
Rome Masters 1000 Simona Halep
74%
Dubai WTA 500 Simona Halep
74%
Prague WTA 250 Simona Halep
74%
Brisbane WTA 500 Karolína Plíšková
70%
Cincinnati Masters 1000 Victoria Azarenka
65%
Monterrey WTA 250 Elina Svitolina
61%
Strasbourg WTA 250 Elina Svitolina
61%
Shenzhen WTA 250 Ekaterina Alexandrova
39%
Hua Hin WTA 250 Magda Linette
35%
Lexington WTA 250 Jennifer Brady
26%
Acapulco WTA 250 Heather Watson
22%
St. Petersburg WTA 500 Kiki Bertens
17%
Istanbul WTA 250 Patricia Maria Țig
17%
Palermo WTA 250 Fiona Ferro
9%
No matching quizzes found
Score Distribution
Percent of People with Each Score
Percentile by Number Answered
Your Score History
You have not taken this quiz